Educació i formació per a la salut i el consum 1999 / Diputació de Barcelona. Servei de Salut Pública i Consum
Descripción Física:
111 p. ; 24 cm
MARC
| LEADER | 00000nam a2200000Ia 4500 | ||
|---|---|---|---|
| 001 | 12227 | ||
| 008 | 160829s1999 xx 000 0 cat d | ||
| 080 | |a E-1-52 | ||
| 110 | |a Barcelona (Catalunya : Província). |b Servei de Salut Pública i Consum |9 8151 | ||
| 245 | |a Educació i formació per a la salut i el consum 1999 / Diputació de Barcelona. Servei de Salut Pública i Consum | ||
| 260 | |a Barcelona : |b [el Servei], |c 1999 | ||
| 300 | |a 111 p. ; |c 24 cm | ||
| 590 | |a Programa d'educació i formació del Servei de Salut Pública | ||
| 650 | |a Salut pública |x Ensenyament |x Barcelona (Província) |9 21151 | ||
| 650 | |a Consum |x Ensenyament |x Barcelona (Província) |9 21152 | ||
| 901 | |a Arxiu | ||
| 942 | |n 1 | ||
| 952 | |0 0 |1 0 |4 0 |6 E152 |7 1 |9 45454 |a Arxiu |b Arxiu |d 2016-12-01 |l 0 |o E-1-52 |p 12227 |r 2016-12-01 00:00:00 |w 2016-12-01 |y ARXIU | ||
| 999 | |c 48619 |d 48619 | ||